vufinder Bibliothèque Municipale de Charleval de Provence
Se connecter

30 Cabanes à oiseaux à réaliser soi-même

Book Cover
Auteur principal: Anne Valéry
D'autres auteurs: Gilles Plagnol Yves Poyet
Support: Livres
Langue: Francais
Publié: 2003 Flammarion Paris
Genre: Documentaire
Sujets:
Étiquettes: Ajouter
Pas de Tags !

LEADER 01065nam0a2200229 450
001 16848306
010 |a 2-08-201140-2  |b Br.  |d 15 € 
100 |a 20030612d2003 u u0frey01 ba 
101 0 |a fre 
102 |a FR 
200 0 |a 30 Cabanes à oiseaux à réaliser soi-même  |f Anne Valéry  |g photogr. Gilles Plagnol - ill. Yves Poyet 
207 1 |a   
210 |a Paris  |b 26 rue Racine.  |c Flammarion  |d 2003 
215 |a 96 p.  |c ill. en coul.  |d 26 x 20 cm 
300 |a Coup de coeur 
330 |a Propose des nichoirs et des cabanes, à la fois décoratifs et adaptés aux besoins des oiseaux, à installer sur un balcon, une terrasse ou dans un jardin. Une introduction indique comment trouver l'emplacement adéquat, nourrir les oiseaux et présente les matériaux à utiliser pour construire les cabanes. 
700 0 |a Valéry  |b Anne  |4 70 
702 0 |a Plagnol  |b Gilles  |4 600 
702 0 |a Poyet  |b Yves  |4 440 
900 |a Documentaire 
901 |a Accessible au prêt 
995 |a Bibliothèque  |c Bibliothèque  |f 00156005874763  |h 00156005874763  |k 745.5 VAL  |o p  |q a  |r az  |e Bibliothèque 

Options de recherche

Historique de recherche
Recherche avancée

Trouver plus

Nouveautés

Besoin d'aide ?

Contacter un bibliothécaire